000
00428nam a2200133Ia 4500
008
100328s9999 xx 000 0 und d
082
_b
62890
100
_a
प्रधान मधुकर लक्ष्मण.
245
_a
स्वप्न फुलोरा.
260
_b
प्रपंच.
630
_a
स्वप्न फुलोरा.
730
_a
स्वप्न फुलोरा.
942
_c
BOOK
999
_c
548826
_d
548823